La société seigneuriale francaise, 1050-1270
Gespeichert in:
| 1. Verfasser: | |
|---|---|
| Format: | Buch |
| Sprache: | Französisch |
| Veröffentlicht: |
París
Marcel Riviere
1951
|
| Schlagworte: | |
| Tags: |
Tag hinzufügen
Keine Tags, Fügen Sie den ersten Tag hinzu!
|
MARC
| LEADER | 00000nam a2200000 a 4500 | ||
|---|---|---|---|
| 001 | UCK6582 | ||
| 003 | CL-VaPUC | ||
| 008 | 051007e19510000FR |||||||||||||||||fre|d | ||
| 082 | 0 | 4 | |a 944.021 |b THA |2 21 |
| 100 | 0 | |a Thalamas, Amédée |e author |9 495996 | |
| 245 | 1 | 3 | |a La société seigneuriale francaise, 1050-1270 |
| 300 | |a 267 p | ||
| 942 | |c BK | ||
| 945 | |d 20051007 00:00:00 |a jcarroza | ||
| 260 | |a París |b Marcel Riviere |c 1951 | ||
| 650 | 7 | |a FEUDALISIMO FRANCES |2 CL-VaPUC |9 495997 | |
| 650 | 0 | |a Historia de Francia |9 336927 | |
| 650 | 0 | |a Historia medieval |9 258042 | |
| 583 | |a last modification |c 20051007 00:00:00 |k Rodrigo Vera | ||
| 999 | |c 314856 |d 314854 | ||
| 952 | |0 0 |1 0 |4 0 |6 944_021000000000000_THA_1951 |7 0 |8 A |9 387639 |a BIBHIS |b BIBHIS |d 2019-11-22 |i 4170857 |o 944.021 THA 1951 |p 4170857 |r 2025-01-20 |w 2019-11-22 |y BK |k HIS | ||